Изкуственото осветление във фотографията (Запис номер 138292)
[ съкратено ]
| 000 -Лидер | |
|---|---|
| Контролно поле с фиксирана дължина | nam a22 a 4500 |
| 003 - Код на организацията, давaща контролен номер | |
| Контролно поле | BLK |
| 005 - Дата и час на последна редакция | |
| Контролно поле | 20221130135050.0 |
| 008 - Елементи от данни с фиксирана дължина | |
| fixed length control field | 180409b bul|||||r ||||||| ||bul|| |
| 010 ## - Наследен системен номер | |
| LC control number | KNG00144276000 |
| 040 ## - Източник на каталожния запис | |
| Идентификатор на билиотеката - собственик на записа | BLK |
| 041 ## - Код за език | |
| Код за езика на текст/звукозапис или на отделно заглавие | Български |
| Код за езика КДБФ | Български |
| 080 ## - УДК | |
| Текстов определител УДК | Снимане при изкуствено осветление (вкл. и с импулсно осветление) |
| УДК код - определител по УДК | 77.052 |
| УДК определител | (035) |
| УДК - код + определител | 77.052(035) |
| 100 1# - Редна дума - Автор | |
| Автор | Шмок, Ян |
| Авторска отговорност | първи автор |
| R(LIN) | 143802 |
| 139 ## - Редно поле | |
| Редна дума | Шмок, Ян |
| 245 10 - Сведения за заглавието | |
| Заглавие | Изкуственото осветление във фотографията |
| Подзаглавни данни | Ръководство |
| Редно поле (дума) | Ян Шмок; прев. от чеш. Маргарита Кюркчиева. |
| 257 ## - Страна на издаване | |
| Страна на създаване/издаване | Чехословакия |
| 260 ## - Област на издателските данни | |
| Име на издателя, разпространителя и проч. | Техника |
| Година на издаване | 1979 |
| Място на издаване, разпространение и проч. | София |
| 300 ## - Физическа характеристика | |
| Страници | 260 с. |
| Илюстрации и др. | с ил. |
| Размери/Мащаб | 20 см |
| 380 ## - Жанр | |
| Жанр | Изкуство |
| 500 ## - Общи забележки | |
| Забележка | Ориг. загл. Umele svetlo ve fotografii. - 8 900 тир. |
| 650 #4 - Допълнително описание по предмет – тема | |
| Основно описание – тема или топоним | Фотография - осветление |
| 9 (RLIN) | 293667 |
| 653 ## - Ключова дума – ненормативна | |
| Ключова дума | фотография |
| 653 ## - Ключова дума – ненормативна | |
| Ключова дума | осветление |
| 653 ## - Ключова дума – ненормативна | |
| Ключова дума | ръководства |
| 700 1# - Други автори (авторска отговорност) | |
| Лично име | Кюркчиева, Маргарита Симеонова |
| Автороска отговорност (Описва отношението между автора и произведението) | прев. от чеш. |
| 9 (RLIN) | 371688 |
| 852 ## - Местоположение | |
| Форматна сигнатура | Цб 101309 |
| Фондова буква | Хранилище |
| 856 4# - Електронен адрес и достъп | |
| Електронен формат | pdf - файл |
| Инструкция (цена за достъп) | 0.00 |
| Права за достъп | disable |
| 856 4# - Електронен адрес и достъп | |
| Електронен формат | pdf - файл |
| Инструкция (цена за достъп) | 0.00 |
| Права за достъп | disable |
| 999 ## - СИСТЕМНИ КОНТРОЛНИ НОМЕРА | |
| Koha biblionumber | 138292 |
| Koha biblioitemnumber | 138292 |
| 942 ## - АРТИКУЛИ | |
| Вид на библиотечния материал | Книги |
| Скрит в OPAC | Не |
| Периодичен библиозапис | Да |
| 944 ## - СЪЗДАВАНЕ И РЕДАКЦИЯ на ЗАПИСА | |
| Създаване/Редакция | Създаване |
| Дата на регистрацията/редакция | 20.06.2013 |
| Статус, дата на статуса | 20.06.2013 - от С1,Р / 20.06.2013 |
| Служител, извършил регистрацията/редакцията | Камелия_Данева |
| 944 ## - СЪЗДАВАНЕ И РЕДАКЦИЯ на ЗАПИСА | |
| Създаване/Редакция | Редакция |
| Дата на регистрацията/редакция | 20.06.2013 |
| Статус, дата на статуса | 20.06.2013 - от С1,Р / 20.06.2013 |
| Код за отписване | Код за изгубен артикул | Източник на класификационната схема | Код за повреда | Коз за рестрикции | Код за отдаване | Артикулен № | Име на библиотеката - собственик | Име на библиотеката, в която се намира в момента | Статус (Текущо местоположение) | Дата на вписване в системата | Местоположение - отдел | Цена в лева | Инвентарен номер | Систематично азбучна сигнатура | Баркод | Номер на екземпляра | Цена в евро | Служебна бележка | Служебен тип на артикула |
|---|---|---|---|---|---|---|---|---|---|---|---|---|---|---|---|---|---|---|---|
| Не е изгубен | Universal Decimal Classification | Не е повреден | само за читалня | ползва се в читалня | 226113 | Регионална библиотека "Любен Каравелов" Русе | Регионална библиотека "Любен Каравелов" Русе | Хранилище | 1979-01-01 | Хранилище | 1.04 | 294340 | Цб 101309 | 120000294340 | 1 | 0.53 | Дост: Dp Вид: Д N: стар фонд Дата: 01.01.1979 | Книги | |
| Не е изгубен | Universal Decimal Classification | Не е повреден | без рестрикции | заемане за дома | 226114 | Регионална библиотека "Любен Каравелов" Русе | Регионална библиотека "Любен Каравелов" Русе | Отдел Изкуство - подръчен фонд | 1979-01-01 | Отдел Изкуство - подръчен фонд | 1.04 | 295725 | 77/Ш 78 | 120000295725 | 2 | 0.53 | Дост: Pk Вид: Ф N: стар фонд Дата: 01.01.1979 Дата инв: 31.01.2018 Бележки инв: ИП2015 | Книги | |
| Изтеглен | Не е изгубен | Universal Decimal Classification | Не е повреден | без рестрикции | заемане за дома | 226115 | Регионална библиотека "Любен Каравелов" Русе | Регионална библиотека "Любен Каравелов" Русе | Отдел Изкуство - подръчен фонд | 1979-01-01 | Отдел Изкуство - подръчен фонд | 1.04 | 295722 | 77/Ш 78 | 295722 | 3 | 0.53 | Дост: Pk Вид: Ф N: стар фонд Дата: 01.01.1979 Дата инв: 31.01.2018 Бележки инв: ИП2015 | Книги |